Essentials of Community Health Nursing/ (Record no. 1065)

MARC details
000 -LEADER
Fixed length control field 00525nam a2200205Ia 4500
003 - CONTROL NUMBER IDENTIFIER
Control field IIN
005 - DATE AND TIME OF LATEST TRANSACTION
Control field 20250521125018.0
008 - FIXED-LENGTH DATA ELEMENTS--GENERAL INFORMATION
Fixed length control field 231217s9999 xx 000 0 und d
020 ## - INTERNATIONAL STANDARD BOOK NUMBER / ISBN
Price Rs.600.00
International Standard Book Number 9789382219170
040 ## - CATALOGING SOURCE
Original cataloging agency IIN
Language of cataloging English
082 ## - DEWEY DECIMAL CLASSIFICATION NUMBER
Classification number 611.7343
Book Number PAR
100 1# - MAIN ENTRY--PERSONAL NAME
Personal name Park, K
245 1# - TITLE STATEMENT
Title Essentials of Community Health Nursing/
Statement of responsibility K. Park
250 ## - EDITION STATEMENT
Edition statement 8th ed
260 ## - IMPRINT
Place of publication Jabalpur
Name of publisher Bhanot
Date of publication 2021
300 ## - PHYSICAL DESCRIPTION
Page / Vol. No [3], 1-569p.
500 ## - GENERAL NOTE
General note Includes Index
650 1# - SUBJECT ADDED ENTRY--TOPICAL TERM
Topical term Community Health Nursing
942 ## - ADDED ENTRY ELEMENTS (KOHA)
Koha item type Books
Holdings
Withdrawn status Lost status Source of classification Damaged status Not for loan Collection code Home library Current library Shelving location Date acquired Price Total Checkouts Call number Accession number Date last seen Copy number Price effective from Koha item type
    Dewey Decimal Classification       IDEAL INSTITUTE OF NURSING IDEAL INSTITUTE OF NURSING General Stacks 17/12/2023 600.00   611.7343 PAR 1059 17/12/2023 1 17/12/2023 Books
    Dewey Decimal Classification       IDEAL INSTITUTE OF NURSING IDEAL INSTITUTE OF NURSING New Materials Shelf 17/12/2023 600.00   611.7343 PAR 1060 17/12/2023 2 17/12/2023 Books
    Dewey Decimal Classification       IDEAL INSTITUTE OF NURSING IDEAL INSTITUTE OF NURSING General Stacks 17/12/2023 600.00   611.7343 PAR 1061 17/12/2023 3 17/12/2023 Books
    Dewey Decimal Classification       IDEAL INSTITUTE OF NURSING IDEAL INSTITUTE OF NURSING General Stacks 17/12/2023 600.00   611.7343 PAR 1062 17/12/2023 4 17/12/2023 Books
    Dewey Decimal Classification       IDEAL INSTITUTE OF NURSING IDEAL INSTITUTE OF NURSING General Stacks 17/12/2023 600.00   611.7343 PAR 1063 17/12/2023 5 17/12/2023 Books
    Dewey Decimal Classification       IDEAL INSTITUTE OF NURSING IDEAL INSTITUTE OF NURSING General Stacks 17/12/2023 600.00   611.7343 PAR 1064 17/12/2023 6 17/12/2023 Books
    Dewey Decimal Classification       IDEAL INSTITUTE OF NURSING IDEAL INSTITUTE OF NURSING General Stacks 17/12/2023 600.00   611.7343 PAR 1065 17/12/2023 7 17/12/2023 Books
    Dewey Decimal Classification       IDEAL INSTITUTE OF NURSING IDEAL INSTITUTE OF NURSING General Stacks 17/12/2023 600.00   611.7343 PAR 1066 17/12/2023 8 17/12/2023 Books
    Dewey Decimal Classification       IDEAL INSTITUTE OF NURSING IDEAL INSTITUTE OF NURSING General Stacks 17/12/2023 600.00   611.7343 PAR 1067 17/12/2023 9 17/12/2023 Books
    Dewey Decimal Classification       IDEAL INSTITUTE OF NURSING IDEAL INSTITUTE OF NURSING General Stacks 17/12/2023 600.00   611.7343 PAR 1068 17/12/2023 10 17/12/2023 Books
    Dewey Decimal Classification     Purches Book IDEAL INSTITUTE OF NURSING IDEAL INSTITUTE OF NURSING General Stacks 11/03/2025 600.00   611.7343 PAR 2056 21/05/2025 11 21/05/2025 Books
© Ideal Institute Of Nursing, All rights reserved.         Powered by Koha